Clue juego dvd : el inspector moreno necesita tu ayuda [juego].

Guardado en:
Formato: Objeto Físico
Publicado: Buenos Aires : Hasbro, 2011
Materias:
Etiquetas: Agregar Etiqueta
Sin Etiquetas, Sea el primero en etiquetar este registro!
LEADER 00707nrm a22001575a 4500
001 CEM.cems017565
008 130507s2011##################0###0#####d
005 20230912093322.0
245 0 0 |a Clue juego dvd :  |b el inspector moreno necesita tu ayuda [juego]. 
260 |a Buenos Aires :  |b  Hasbro,  |c 2011 
500 |a Convierte tu Tv en la Mansión Tudor y entra en el misterioa partir de 10 añospara 3 a 5 jugadoresun tablero, un Dvd, 10 peones de sospechosos, 4 candados de plástico, 42 cartas, una lupa roja, un block de notas de detective y un sobre del caso 
082 0 4 |a A4 
653 |a Juego de mesa 
653 |a Juego de familia 
653 |a Detectives 
859 |a CEMS  |b BIB. CEMS - Agricultura  |h A4  |i 1-4  |p A0032.99  |t Ej.1